الصوت اللغوي في القراءات القرأنية : ظاهرة الامالة نموذجا

Bibliographic Details
Main Author: عربية، راضية (Author)
Format: Book
Language:Arabic
Published: القاهرة : الفا للوثائق 2015
Edition:الطبعة 1
Subjects:

MARC

LEADER 00000cam a2200000 7i4500
001 0000092913
005 20200311093000.0
008 170620s2015 ua ara
020 |a 9789931484042 
040 |a UniSZA   |e rda 
050 0 0 |a BP131.5   |b .A73 2015 
090 0 0 |a BP131.5   |b .A73 2015 
100 1 |a عربية، راضية ,   |e author 
241 1 3 |a al-Sawt al-lughawi fi al-qira'at al-quraniyah: zahirah al-amalah namudhajan 
245 1 2 |a الصوت اللغوي في القراءات القرأنية :   |b ظاهرة الامالة نموذجا   |c الدكتورة راضية بن عربية 
250 |a الطبعة 1 
264 1 |a القاهرة :   |b الفا للوثائق   |c 2015 
300 |a 130 pages ;   |c 24 cm. 
336 |a text  |2 rdacontent 
337 |a unmediated  |2 rdamedia 
338 |a volume  |2 rdacarrier 
504 |a Includes bibliographical references (pages 117-129) and index 
650 0 |a Qur'an   |x Language, style 
650 0 |a Qur'an   |x Readings 
999 |a 1000170520   |b Book   |c OPEN SHELF (30 DAYS)   |e Gong Badak Campus